Zásilky pod stálou kontrolou DHL zajišťuje expresní přepravu do všech kontinentů

Predstavenie spoločnosti DHL Worldwide Express a DHL Česká republika. Služby DHL, možnosť objednania služieb, priebeh doručovania, priechod informácií o zásielkách celosvetovou dátovou sieťou DHL, prístup k informáciám o zásielkach.

Gespeichert in:
Bibliographische Detailangaben
Format: Buchkapitel
Sprache:Tschechisch
Schlagworte:
Tags: Tag hinzufügen
Keine Tags, Fügen Sie das erste Tag hinzu!

MARC

LEADER 00000naa a2200000 4500
001 r038307
005 20230522103904.3
041 0 |a cze 
044 |a CZ 
245 1 0 |a Zásilky pod stálou kontrolou  |b DHL zajišťuje expresní přepravu do všech kontinentů 
520 |a Predstavenie spoločnosti DHL Worldwide Express a DHL Česká republika. Služby DHL, možnosť objednania služieb, priebeh doručovania, priechod informácií o zásielkách celosvetovou dátovou sieťou DHL, prístup k informáciám o zásielkach. 
610 2 0 |a preprava 
610 2 0 |a služby dopravné 
610 2 0 |a spoločnosti dopravné 
610 2 0 |a spoločnosti letecké 
610 2 0 |a DHL Worldwide Express 
610 2 0 |a doprava medzinárodná 
610 2 0 |a siete dátové 
610 2 0 |a siete dopravné